| 000 | 01193nas a2200337 4500 | ||
|---|---|---|---|
| 001 | BR8102407 | ||
| 003 | BR-BrBNA | ||
| 005 | 20231205084658.0 | ||
| 007 | ta | ||
| 008 | 230509b bl.|||p| |||| 00| 00por d | ||
| 040 |
_aBR-BrBNA _bpor _cBiblioteca Nacional de Agricultura |
||
| 041 | _a(Pt) | ||
| 072 | _aL73 | ||
| 100 | 1 | _aMueller, S.B.K. | |
| 100 | 1 | _aIkuno, A.A. | |
| 100 | 1 | _aMachado, J. de S. | |
| 100 | 1 | _aLima, R.M.A. | |
| 100 | 1 | _aRichtzenhain, L.J. | |
| 100 | 1 | _aTaki, E.M. | |
| 245 | 1 | _aPrevalencia de anticorpos contra o virus da rinotraqueite infecciosa dos bovinos/vulvovaginite pustular infecciosa (IBR/IPV)em bovinos do estado de Sao Paulo [Bos taurus; Brasil] | |
| 246 | 1 | _aThe antibodoy prevalence against infections bovine rhinotracheitis/infectious pustular vulvovaginitis virus em cattle of the Sao Paulo state [Bos taurus; Brazil] | |
| 650 | _aDoenca animal | ||
| 650 | _aBovino | ||
| 650 | _aRinotraqueite | ||
| 650 | _aVulvovaginite | ||
| 650 | _aAnticorpo | ||
| 650 | _aSao Paulo | ||
| 773 | 0 |
_tBiologico (Brazil) _xISSN 0366-0567 _g(Feb 1981), v. 47(2) p. 55-59 _wBR8102407 |
|
| 909 |
_a202311 _bLúcia _c55 _dLúcia Elande |
||
| 942 |
_2AGRIS _n0 _cANA |
||
| 999 |
_c106620 _d106620 |
||